Биодиагностика состояния природных и природно-техногенных систем. Кн. 1 (Запись № 10956553)
[ простой вид ]
| 000 -МАРКЕР | |
|---|---|
| контрольное поле | 02304nam2a2200265 4500 |
| 001 - ИДЕНТИФИКАТОР ЗАПИСИ | |
| контрольное поле | RU\NLR\BIBL_A\011914753 |
| 005 - ИДЕНТИФИКАТОР ВЕРСИИ | |
| контрольное поле | 20190204091733.0 |
| 010 ## - МЕЖДУНАРОДНЫЙ СТАНДАРТНЫЙ НОМЕР КНИГИ (ISBN) | |
| Номер (ISBN) | 978-5-98228-183-8 |
| Тираж | 50 |
| 021 ## - НОМЕР ГОСУДАРСТВЕННОЙ РЕГИСТРАЦИИ | |
| Код страны | Российская Федерация |
| Номер | КН-П-18-094067 |
| Номер Листа государственной регистраци | КН-П-18-6825 |
| 035 ## - ДРУГИЕ СИСТЕМНЫЕ НОМЕРА | |
| Идентификатор записи | (NLR Aleph) 011914753 |
| 035 ## - ДРУГИЕ СИСТЕМНЫЕ НОМЕРА | |
| Идентификатор записи | (RuMoRGB)009823930 |
| 100 ## - ДАННЫЕ ОБЩЕЙ ОБРАБОТКИ | |
| Данные общей обработки | 20190122d2018 k y0rusy50 ca |
| 101 0# - ЯЗЫК РЕСУРСА | |
| Язык текста, звукозаписи и т.д. | русский |
| 102 ## - СТРАНА ПУБЛИКАЦИИ ИЛИ ПРОИЗВОДСТВА | |
| Страна публикации | Российская Федерация |
| 105 ## - ПОЛЕ КОДИРОВАННЫХ ДАННЫХ: ТЕКСТОВЫЕ МАТЕРИАЛЫ, МОНОГРАФИЧЕСКИЕ | |
| Кодированные данные о монографическом текстовом документе | z 100zy |
| 200 0# - ЗАГЛАВИЕ И СВЕДЕНИЯ ОБ ОТВЕТСТВЕННОСТИ | |
| Основное заглавие | Кн. 1 |
| 210 ## - ПУБЛИКАЦИЯ, РАСПРОСТРАНЕНИЕ И ДР. | |
| Дата издания, распространения и т.д. | 2018 |
| 215 ## - ФИЗИЧЕСКАЯ ХАРАКТЕРИСТИКА | |
| Специфическое обозначение материала и объем | 322 с. |
| Другие сведения о физической характеристике | ил., табл. |
| 320 ## - ПРИМЕЧАНИЯ О НАЛИЧИИ В ДОКУМЕНТЕ БИБЛИОГРАФИИ / УКАЗАТЕЛЯ | |
| Текст примечания | Библиогр. в конце ст. |
| 461 #0 - УРОВЕНЬ НАБОРА | |
| Встроенное поле | 001RU\NLR\BIBL_A\011914750 |
| -- | 2001#$aБиодиагностика состояния природных и природно-техногенных систем$eматериалы XVI Всероссийской научно-практической конференции с международным участием, 3-5 декабря 2018 г.$fФедеральное государственное бюджетное образовательное учреждение высшего образования "Вятский государственный университет", Институт биологии Коми научного центра Уральского отделения Российской академии наук$g[ответственный редактор - Т.Я. Ашихмина, д.т.н., профессор]$vКн. 1 |
| Системный номер (АБИС) связанной записи | 10956535 |
| Место публикации | Киров |
| Дата публикации | 2018 |
| Первые сведения об ответственности | Федеральное государственное бюджетное образовательное учреждение высшего образования "Вятский государственный университет", Институт биологии Коми научного центра Уральского отделения Российской академии наук |
| Имя издателя, распространителя и т.д. | ВятГУ |
| Сведения, относящиеся к заглавию | материалы XVI Всероссийской научно-практической конференции с международным участием, 3-5 декабря 2018 г. |
| Заглавие | Биодиагностика состояния природных и природно-техногенных систем |
| Номер тома | Кн. 1 |
| 942 ## - ДОПОЛНИТЕЛЬНЫЕ ЭЛЕМЕНТЫ ЗАПИСИ (АБИС) | |
| Тип экземпляра АБИС | Книга |
| 980 ## - КОЛЛЕКЦИЯ | |
| Название коллекции | Национальная библиография |
| Тип экземпляра | Дата поступления | Источник поступления | Библиотека постоянного хранения | Библиотека текущего хранения | Место хранения | Шифр хранения | Штрих-код | Статус экземпляра |
|---|---|---|---|---|---|---|---|---|
| Книга | 22.01.2019 | Обязательный экземпляр | РНБ (Московский) | РНБ (Московский) | Русский книжный фонд: издания с 1957 года | 2019-3/1351 | 1-2586480 | |
| Книга | 22.01.2019 | Обязательный экземпляр | РНБ (Московский) | РНБ (Московский) | Русский книжный фонд: издания с 1957 года | 2019-3/1351 | 1-2586481 |